| 000 | 01256cam a22002174a 4500 | ||
|---|---|---|---|
| 005 | 20250605164046.0 | ||
| 008 | 250528s ||||||||||||||||||||||||d | ||
| 035 | _a17130 | ||
| 020 | _a29461154 | ||
| 040 |
_aGR-AtMCL _bgre _dGR-AtMCL _eAACR2 |
||
| 245 | 1 | _aStatistics for Business and Economics / Fourth Edition | |
| 250 | _a4th | ||
| 260 |
_bDellen Publishing Company - Collier Macmillan, _c1990 |
||
| 300 | _a1272 | ||
| 520 | _aWhat is Statistics?, Graphical Description of Data, Numerical Descriptive Measures, Probability, Discrete Random Variables, Continuous Random Variables, Sampling Distributions, Estimation and a Test of Hypothesis: Single Sample, Two Samples: Estimation and Tests of Hypotheses, Simple Linear Regression, Multiple Regression, Introduction to Model Building, Time Series: Index Numbers and Descriptive Analyses, Time Series: Models and Forecasting, Analysis of Variance, Nonparametric Statistics, The Chi-Square Test and the Analysis of Contingency Tables, Decision Analysis Using Prior Information, Decision Analysis Using Prior and Sample Information, Survey Sampling, Appendices, Index. | ||
| 700 | 1 |
_aBenson George P. _93273 |
|
| 700 | 1 |
_aMcclave James T _93259 |
|
| 942 | _cBK | ||
| 999 |
_c2570 _d2570 |
||